| 000 -LEADER |
| fixed length control field |
00872nam a22002777a 4500 |
| 001 - CONTROL NUMBER |
| control field |
6448 |
| 003 - CONTROL NUMBER IDENTIFIER |
| control field |
BD-DhUAP |
| 005 - DATE AND TIME OF LATEST TRANSACTION |
| control field |
20201223123016.0 |
| 008 - FIXED-LENGTH DATA ELEMENTS--GENERAL INFORMATION |
| fixed length control field |
201213r20011995ii a b 001 0 eng |
| 020 ## - INTERNATIONAL STANDARD BOOK NUMBER |
| International Standard Book Number |
0074622471 |
| 040 ## - CATALOGING SOURCE |
| Original cataloging agency |
DLC |
| Transcribing agency |
DLC |
| Modifying agency |
BD-DhUAP |
| Language of cataloging |
eng |
| 082 00 - DEWEY DECIMAL CLASSIFICATION NUMBER |
| Classification number |
628.3 WAS |
| Edition number |
23 |
| 245 ## - TITLE STATEMENT |
| Title |
Wastewater engineering : |
| Remainder of title |
treatment, disposal, and reuse / |
| Statement of responsibility, etc. |
revised by George Tchobanoglous and Franklin L. Burton. |
| 250 ## - EDITION STATEMENT |
| Edition statement |
3rd ed. |
| 260 ## - PUBLICATION, DISTRIBUTION, ETC. |
| Place of publication, distribution, etc. |
New York : |
| Name of publisher, distributor, etc. |
McGraw-hill, |
| Date of publication, distribution, etc. |
c1991 [Reprinted 2001]. |
| 300 ## - PHYSICAL DESCRIPTION |
| Extent |
xvi, 1334 pages : |
| Other physical details |
illustrations ; |
| Dimensions |
23 cm. |
| 490 ## - SERIES STATEMENT |
| Series statement |
Water resources and environmental engineering. |
| 500 ## - GENERAL NOTE |
| General note |
Includes index. |
| 650 ## - SUBJECT ADDED ENTRY--TOPICAL TERM |
| Topical term or geographic name entry element |
Sewage disposal. |
| 650 ## - SUBJECT ADDED ENTRY--TOPICAL TERM |
| Topical term or geographic name entry element |
Sewerage. |
| 650 ## - SUBJECT ADDED ENTRY--TOPICAL TERM |
| Topical term or geographic name entry element |
Water reuse. |
| 700 ## - ADDED ENTRY--PERSONAL NAME |
| Personal name |
Tchobanoglous, George. |
| 700 ## - ADDED ENTRY--PERSONAL NAME |
| Personal name |
Burton, Franklin L. |
| 710 ## - ADDED ENTRY--CORPORATE NAME |
| Corporate name or jurisdiction name as entry element |
Metcalf & Eddy, Inc. |
| 942 ## - ADDED ENTRY ELEMENTS (KOHA) |
| Source of classification or shelving scheme |
|
| Koha item type |
Book |